|
|
|
|
| LEADER |
01220nam a2200277 i 4500 |
| 001 |
1381 |
| 003 |
BD-DhAAL |
| 005 |
20130903114348.0 |
| 008 |
130903s1973 ncu b 000 0 eng d |
| 010 |
|
|
|a 77071138
|
| 040 |
|
|
|a DLC
|c DLC
|d DLC
|d BD-DhAAL
|
| 050 |
0 |
0 |
|a HN29
|b .S35
|
| 082 |
0 |
0 |
|a 309/.07/23
|
| 100 |
1 |
|
|a Scott, John,
|d 1929-
|9 2912
|
| 245 |
1 |
0 |
|a Planning the research interview /
|c John Scott and Eliska Chanlett.
|
| 260 |
|
|
|a Chapel Hill :
|b International Program of Laboratories for Population Statistics, Dept. of Biostatistics, Carolina Population Center, University of North Carolina,
|c 1973.
|
| 300 |
|
|
|a 73 p. ;
|c 26 cm.
|
| 490 |
1 |
|
|a Manual series - Laboratories for Population Statistics ; no. 4
|
| 504 |
|
|
|a Includes bibliography (p. 70-73).
|
| 650 |
|
0 |
|a Social surveys.
|9 1594
|
| 650 |
|
0 |
|a Interviewing.
|9 2913
|
| 700 |
1 |
|
|a Chanlett, Eliska,
|e joint author.
|9 2914
|
| 830 |
|
0 |
|a Manual series (International Program of Laboratories for Population Statistics) ;
|v no. 4.
|9 2915
|
| 942 |
|
|
|2 ddc
|c BK
|
| 999 |
|
|
|c 13926
|d 13926
|
| 952 |
|
|
|0 0
|1 0
|2 ddc
|4 0
|6 309_072300000000000_SCO
|7 0
|9 23316
|a BRACUL
|b BRACUL
|c GEN
|d 2013-09-03
|g 0.00
|l 0
|o 309.0723 SCO
|p 3010001381
|r 2013-09-03
|t 1
|w 2013-09-03
|y BK
|z Not price in Register
|